Statistics for find the random country in 15 seconds

Click here to take the quiz!

General Stats

  • This quiz has been taken 12 times
  • The average score is 1 of 15

Answers on the Map

Answers color-coded by a green-red scale on the quiz's map according to % correct below.
 

Answer Stats

Answer% Correct
south america
29%
ukraine
29%
asia
14%
asia
14%
asia
14%
asia
14%
oceania
14%
south america
14%
africa
0%
africa
0%
africa
0%
europe
0%
europe
0%
north america
0%
oceania
0%

Score Distribution

Percentile by Number Answered

Percent of People with Each Score

Your Score History

You have not taken this quiz